MDQL
is popping MORE tags! Check the
thread
!
Quizzes
Events
Quiz Creation
Community
Videos
Private Events
Remove Ads
Sign In
Join for FREE
Feedback
Dark Mode
Quiz Categories
Sports
Geography
Music
Movies
Television
Just For Fun
Miscellaneous
History
Literature
Language
Science
Gaming
Entertainment
Religion
Holiday
For Kids
Quiz Lab
Recent
Popular Today
Quiz Kudos Today
Editor Picks
Curator Picks
Quizzes by...
Day
Popularity
Type
Ratings
Length
Year
Community
Subscriptions
Recent Discussions
Orange Saloon
Badges
Playlists
Quests
Create
Leaderboards
Showdown
Live 5
Trivia Bingo
Activity
Puzzle Library
Sporcle Events
Private Events
Virtual Trivia
Globe League
Become a Host
Pub Owners
SporcleCon
Opinionation
Our Games
Videos
Blog
Mobile Apps
Partnerships
Remove Ads and Go Orange
Feedback
Sports
Athletes
MLB
NBA
NHL
NFL
Soccer
Sports Teams
WWE
NCAA
Football
Premier League
Basketball
Baseball
Hockey
Golf
Tennis
Cricket
Rugby
Auto Racing
Olympics
World Cup
Sports
Athletes
MLB
NBA
NHL
NFL
Soccer
Sports Teams
WWE
NCAA
Football
Premier League
Basketball
Baseball
Hockey
Golf
Tennis
Cricket
Rugby
Auto Racing
Olympics
World Cup
Random Quiz
Search Sporcle
×
Quiz Lab
Quiz Lab
Sports
Football
Type in answers that appear in a list
Type in answers that appear in a list
Classic
Best Score? Go Orange.
Top 20 most expensive football players by position Stats
Can you name the Top 20 most expensive football (soccer) players by position?
By
djiger11
10m
180 Questions
43 Plays
43 Plays
43 Plays
Comments
Comments
Give Quiz Kudos
Give Quiz Kudos
-
- Ratings
hide this ad
Replay
Link that replays current quiz
Next Quiz
Link to next quiz in quiz playlist
You Got
0%
They Got
Avg Score
3%
Avg Friend Score
Upgrade to see
Score Distribution
Jump to the score distribution portion of the page
Score
0/180
Timer
10:00
0
Plays Today
Hint
Answer
% Correct
160mil
Neymar
65.1%
60mil
Kepa
58.1%
90mil
Alisson
55.8%
70mil
Ederson
41.9%
100mil
Jan Oblak
18.6%
60mil
David de Gea
16.3%
75mil
Cristiano Ronaldo
16.3%
100mil
Virgil van Dijk
14%
70mil
Harry Maguire
11.6%
100mil
Paul Pogba
11.6%
140mil
Lionel Messi
11.6%
150mil
Sadio Mane
9.3%
200mil
Kylian Mbappé
9.3%
55mil
Thibaut Courtois
7%
50mil
Kyle Walker
7%
100mil
N'Golo Kanté
7%
120mil
Antoine Griezmann
7%
120mil
Eden Hazard
7%
80mil
Heung-min Son
7%
150mil
Mohamed Salah
7%
150mil
Kevin De Bruyne
7%
90mil
Dele Alli
7%
150mil
Harry Kane
7%
90mil
Roberto Firmino
7%
80mil
Andrew Robertson
4.7%
65mil
David Alaba
4.7%
75mil
Aymeric Laporte
4.7%
110mil
Trent Alexander-Arnold
4.7%
90mil
Frenkie de Jong
4.7%
80mil
Joshua Kimmich
4.7%
60mil
Thiago
4.7%
160mil
Raheem Sterling
4.7%
100mil
Leroy Sane
4.7%
120mil
Jadon Sancho
4.7%
100mil
Bernardo Silva
4.7%
80mil
Serge Gnabry
4.7%
40mil
Angel di Maria
4.7%
90mil
Kai Havertz
4.7%
70mil
Philippe Coutinho
4.7%
85mil
Paulo Dybala
4.7%
80mil
Marcus Rashford
4.7%
70lmil
Gabriel Jesus
4.7%
70mil
Alexandre Lacazette
4.7%
70mil
Pierre-Emerick Aubameyang
4.7%
70mil
Robert Lewandowski
4.7%
60mil
Anthony Martial
4.7%
90mil
Marc-André ter Stegen
2.3%
55mil
Gianluigi Donnarumma
2.3%
45mil
André Onana
2.3%
35mil
Jordan Pickford
2.3%
35mil
Bernd Leno
2.3%
75mil
Matthijs de Ligt
2.3%
75mil
Kalidou Koulibaly
2.3%
65mil
Marquinhos
2.3%
60mil
Davinson Sánchez
2.3%
60mil
John Stones
2.3%
50mil
Dayot Upamecano
2.3%
50mil
João Cancelo
2.3%
45mil
Achraf Hakimi
2.3%
40mil
Aaron Wan-Bissaka
2.3%
Hint
Answer
% Correct
35mil
Benjamin Pavard
2.3%
30mil
Thomas Meunier
2.3%
80mil
Rodri
2.3%
70mil
Fabinho
2.3%
70mil
Casemiro
2.3%
70mil
Arthur
2.3%
50mil
Thomas
2.3%
60mil
Richarlison
2.3%
75mil
Ousmane Dembélé
2.3%
60mil
Koke
2.3%
60mil
Riyad Mahrez
2.3%
50mil
Hakim Ziyech
2.3%
45mi
David Neres
2.3%
90mil
Christian Eriksen
2.3%
55mil
Donny van de Beek
2.3%
100mil
João Félix
2.3%
75mil
Timo Werner
2.3%
75mil
Romelu Lukaku
2.3%
75mil
Mauro Icardi
2.3%
65mil
Sergio Aguero
2.3%
40mil
Alex Meret
0%
40mil
Wojciech Szczesny
0%
25mil
Thomas Strakosha
0%
24mil
Pau López
0%
22mil
Mike Maignan
0%
22mil
Anthony Lopes
0%
20mil
Rui Patrício
0%
20mil
Alessio Cragno
0%
18mil
David Soria
0%
50mil
Ben Chilwell
0%
50mil
Jose Gaya
0%
50mil
Alex Sandro
0%
50mil
Jordi Alba
0%
40mil
Alphonso Davies
0%
40mil
Alex Telles
0%
35mil
Ferland Mendy
0%
35mil
Alejandro Grimaldo
0%
35mil
Benjamin Mendy
0%
35mil
Nicolás Tagliafico
0%
35mil
Lucas Digne
0%
30mil
Oleksandr Zinchenko
0%
30mil
Emerson
0%
25mil
Renan Lodi
0%
25mil
Júnior Firpo
0%
25mil
Theo Hernández
0%
25mil
Kieran Tierney
0%
25mil
Marcos Alonso
0%
80mil
Raphaël Varane
0%
70mil
Lucas Hernández
0%
70mil
José Giménez
0%
60mil
Milan Skriniar
0%
60mil
Clément Lenglet
0%
60mil
Niklas Süle
0%
60mil
Stefan de Vrij
0%
50mil
Antonio Rüdiger
0%
45mil
Éder Militão
0%
45mil
Ibrahima Konaté
0%
45mil
Alessio Romagnoli
0%
50mil
Daniel Carvajal
0%
50mil
Sergi Roberto
0%
Hint
Answer
% Correct
40mil
Nélson Semedo
0%
40mil
Ricardo Pereira
0%
40mil
Héctor Bellerín
0%
35mil
Lukas Klostermann
0%
35mil
Kieran Trippier
0%
30mil
Mário Fernandes
0%
30mil
César Azpilicueta
0%
25mil
Youcef Atal
0%
25mil
Nordi Mukiele
0%
20mil
Diogo Dalot
0%
20mil
Álvaro Odriozola
0%
90mil
Saúl Ñíguez
0%
70mil
Sergej Milinkovic-Savic
0%
70mil
Miralem Pjanic
0%
65mil
Joriginho
0%
65mil
Tanguy Ndombélé
0%
60mil
Marcelo Brozovic
0%
60mil
Fabián Ruiz
0%
55mil
Declan Rice
0%
55mil
Youri Tielemans
0%
50mil
Mattéo Guendouzi
0%
60mil
Mikel Oyarzabal
0%
60mil
Kingsley Coman
0%
60mil
Lorenzo Insigne
0%
55mil
Memphis Depay
0%
50mil
Vinicius Junior
0%
45mil
Felipe Anderson
0%
40mil
Ansu Fati
0%
40mil
Hirving Lozano
0%
40mil
Marco Asensio
0%
40mil
Thorgan Hazard
0%
28mil
Filip Kostic
0%
65mil
Nicolas Pépé
0%
60mil
Federico Chiesa
0%
60mil
Christian Pulisic
0%
55mil
Wilfried Zaha
0%
50mil
Rodrygo
0%
50mil
Carlos Soler
0%
40mil
Ferran Torres
0%
40mil
Malcom
0%
40mil
Federico Bernardeschi
0%
60mil
James Maddison
0%
60mil
Bruno Fernandes
0%
50mil
Nicolò Zaniolo
0%
50mil
Martin Ödegaard
0%
50mil
Isco
0%
45mil
Mason Mount
0%
40mil
Nabil Fekir
0%
40mil
Luis Alberto
0%
40mil
James Rodríguez
0%
35mil
Dani Olmo
0%
35mil
Jack Grealish
0%
33mil
Lucas Paquetá
0%
30mil
Amine Harit
0%
30mil
Jonathan Ikoné
0%
80mil
Lautaro Martínez
0%
60mil
Erling Haaland
0%
50mil
Tammy Abraham
0%
50mil
Iñaki Williams
0%
50mil
Rodrigo
0%
Quiz Playlist
Details
Report
Send in Message
Add To Playlist
Classic:
Type in answers that appear in a list
Last Updated: Feb 21, 2020
Quiz Scoreboard
CHALLENGE
Sign Up to Join the Scoreboard
Show All
Scores
Hide
Comments
May contain spoilers
Recently Published
Colored Red Africa Blitz
by spor1
Geography
30s
Find the 'City' Movie
by crazypaving
Movies
60s
5x2 Blitz: Bands
by SL_Kpop136
Music
30s
More to Explore
Quiz From the Vault
Featured Blog Post
14 Easter Pick-up Lines to Find Eggs With
hide this ad
You Might Also Like...
Tags
Football Quiz
Soccer Quiz
Expensive
Player
position
Top 20
Today's Top Quizzes in Sports
Browse Sports
hide this ad
Today's Top Quizzes in Football
Browse Football
Top Contributed Quizzes in Sports
1
Players with Multiple 50 Home Run Seasons
2
Criteria MLB: Left Handed Sluggers
3
MLB Players with Two .350 Batting Average Seasons
4
Who Hit More Homers?
5
Premier League Clubs since 2000 (minefield)
6
Who Needs Fielders?
7
2020 F1 Drivers Logic Puzzle
8
Les entraîneurs de l'OM et du PSG au 21e siècle
9
Top 10 NHL Goal Scorers of All Time
10
MLB Hall of Famer by Rings
Explore More
Trending Topics
Anime
Disney
Crossword
Marvel
Harry Potter
NBA
Kpop
Soccer
The Office
WWE
Song
NFL
Puzzle
Country
Pokémon
hide this ad
More By:
djiger11
Quiz
Plays
Rating
Category
Featured
Created
Top 20 most expensive football players by position
108
1.00
Sports
Feb 24, 2020
Most valuable football players by confederation
86
4.00
Sports
Feb 25, 2020
Top 20 most expensive football players by position
43
1.00
Sports
Feb 21, 2020
Guess every score at Champions league
21
5.00
Sports
Feb 25, 2020
Go to Creator's Profile
Score Distribution
Quiz Creator Spotlight
djiger11
Follow
Send a Message
Quizzes Created
-
Created Quiz Play Count
-
More By This Creator
Popular Quizzes Today
1
Find the 'City' Movie
2
5x2 Blitz: Bands
3
Colored Red Africa Blitz
4
Find the US States - No Outlines Minefield
5
The Countries of the World
6
Find the US States
7
9x9 Crossword: Cartoon Network
8
US States
More Sports Quizzes
Best AL First Basemen by Decade
Quiz Lab
Trending Quizzes
Colored Red Europe Blitz I
Colored Red Africa Blitz II
Colored Red Africa Blitz III
Colored Red Europe Blitz III
Colored Red Europe Blitz II
Recently Updated
Champions League XIs: Real Madrid
pecheneg
Largest US Cities 1790-2010
pecheneg
Rides in Walt Disney World
pecheneg
Most Oscar Losses (Acting)
pecheneg
Beyoncé Albums
pecheneg
Leaping Animals
pecheneg
Reality TV Shows (A-Z)
bhenderson79
Rickey Henderson's Hall of Fame Teammates
pecheneg
Champions League XIs: Arsenal
pecheneg
Quick Pick: Celebrities in WWE's Hall of Fame
aduchscher
Trending Topics
Anime
Marvel
Kpop
Crossword
NBA
Disney
Harry Potter
Song
The Office
WWE
Puzzle
NFL
Country
Soccer
Pokémon
Your Account Isn't Verified!
In order to create a playlist on Sporcle, you need to verify the email address you used during registration. Go to your
Sporcle Settings
to finish the process.
Report this User
Report this user for behavior that violates our
Community Guidelines
.
Details:
Send Report
Go to the Sporcle.com Mobile Site →
Comments